000
00295nam a2200133Ia 4500
100
_a
Jai/R.P/ ww
942
_c
BK
654
_a
digital
245
_a
Modern Digital Electronics
260
_b
Tata Mc Graw hill
_a
New Delhi
_c
1987
082
_a
621.3817
_b
JAI
300
_a
468
546
_a
ENGLISH
999
_c
27978
_d
27978